000 01526cam a22003494a 4500
001 12411592
005 20240131132430.0
008 010517s2001 cau b 001 0 eng
010 _a 2001002978
020 _a0761920889 (hard : alk. paper)
020 _a0761920897 (pbk.)
040 _aDLC
_cDLC
_dDLC
042 _apcc
050 0 0 _aLC 5800 .M44 2001
082 0 0 _a378.1/75
_221
100 1 _aMehrotra, Chandra.
245 1 0 _aDistance learning :
_bprinciples for effective design, delivery, and evaluation /
_cChandra Mohan Mehrotra, C. David Hollister, Lawrence McGahey.
260 _aThousand Oaks, Calif. :
_bSage Publications,
_cc2001.
300 _axiii, 242 p. ;
_c24 cm.
504 _aIncludes bibliographical references and indexes.
650 0 _aDistance education
_xCurricula.
650 0 _aEducation, Higher
_xCurricula.
650 0 _aInstructional systems
_xDesign.
700 1 _aHollister, C. David.
700 1 _aMcGahey, Lawrence.
856 4 2 _3Publisher description
_uhttp://www.loc.gov/catdir/enhancements/fy0656/2001002978-d.html
856 4 1 _3Table of contents only
_uhttp://www.loc.gov/catdir/enhancements/fy0656/2001002978-t.html
856 4 2 _3Contributor biographical information
_uhttp://www.loc.gov/catdir/enhancements/fy0734/2001002978-b.html
906 _a7
_bcbc
_corignew
_d1
_eecip
_f20
_gy-gencatlg
942 _2lcc
_cBOOKS
_hLC 5800 .M44 2001
999 _c31879
_d31879